Ontario Political Parties in History - Statistics

General Stats
  • This quiz has been taken 34 times
  • The average score is 5 of 13
Answer Stats
% Most Successful Election Party % Correct
56.7 Howard Ferguson (1929) Conservative
100%
49.6 Oliver Mowat (1890) Liberal
100%
37.6 Bob Rae (1990) New Democratic
96%
8.0 Frank de Jong (2007) Green
85%
9.1 Walter Rollo (1919) Labour
48%
6.3 William Raney (1926) Progressive
37%
31.6 Ted Jolliffe (1943) Co-operative Commonwealth
33%
21.0 Ernest Charles Drury (1919) United Farmers
19%
17.6 Joseph Longford Haycock (1894) Patrons of Industry
15%
8.1 N/A (1926) Prohibitionist
4%
3.9 N/A (1914) Temperance
4%
11.0 N/A (1890) Equal Rights
0%
11.1 N/A (1894) Protestant Protective
0%
No matching quizzes found
Score Distribution
Percent of People with Each Score
Percentile by Number Answered
Your Score History
You have not taken this quiz